000 00186 a2200097 4500
020 _a9780439677745
041 _aeng
100 _aCronin,Doreen
245 _aDiary of a Worm
942 _cBK
999 _c31876
_d31874